000 00786nam a22001937a 4500
999 _c371932
_d371932
008 201127b ||||| |||| 00| 0 eng d
040 _aDE-2950
_bger
_cDE-2950
_erda
041 _ager
245 _aStadtwerke erhöhen zum Jahreswechsel die Gaspreise
_bEnergiekosten. Die Preise für Erdgas fahren auch in Frankfurt (Oder) weiter Achterbahn. Zum 1. Januar 2023 gibt es nun eine weitere Erhöhung/
_cThomas Gutke
264 _c2022
653 _aFrankfurt (Oder)
653 _aStadtwerke
653 _aGaspreiserhöhung
773 _dFrankfurt (Oder) Märkisches Verlags- und Druckhaus GmbH & Co KG
_tMärkische Oderzeitung
_g33. Jahrgang (2022) Nr. 264 vom 12./13.11.2022, S. 21; mit Foto
942 _cA